Autonomous Communities of Spain - Sudden Death - Statistics

General Stats
  • This quiz has been taken 75 times
  • The average score is 13 of 15
Answers on the Grid
Answers color-coded by a green-red scale on the quiz's grid according to % correct below.
Murcia
Algarve
Castile and León
Aragon
Cantabria
La Rioja
Castilla - La Mancha
Madeira
Madrid
Azores
Spanish Guinea
Basque Country
Balearic Islands
Navarra
Castilla - Zamora
Canary Islands
Andalusia
Catamarca
Morelos
Catalonia
Galicia
Guanajuato
Asturias
Hidalgo
 
Answer Stats
Answer % Correct
Andalusia
93%
Catalonia
93%
Aragon
90%
Basque Country
90%
Galicia
90%
Castile and León
86%
Murcia
86%
Canary Islands
83%
Madrid
83%
Balearic Islands
81%
Castilla - La Mancha
81%
Navarra
81%
Cantabria
79%
La Rioja
79%
Asturias
76%
No matching quizzes found
Score Distribution
Percent of People with Each Score
Percentile by Number Answered
Your Score History
You have not taken this quiz